000
00205 a2200097 4500
001
49669
100
_a
Stark
245
_a
Persetts in the wind
260
_a
London
_b
John Murray
_c
090
_c
32180
_d
32180
942
_a
NUST-CAE
_c
M
_c
24648
999
_c
284742
_d
284742